Startformationen der Europa-League-Sieger 2010 - 2019 - Statistiken

Allgemein
  • Dieses Quiz wurde 178 mal gespielt
  • Das Durchschnittsergebnis liegt bei 43 aus 120
Antwortstatistiken
Jahr: Verein Position Nationalität Name % Korrekt
2018: Atlético Madrid TW SLO Jan Oblak
88%
2012: Atlético Madrid Trainer ARG Diego Simeone
84%
2018: Atlético Madrid Trainer ARG Diego Simeone
84%
2019: FC Chelsea ST BEL Eden Hazard
82%
2019: FC Chelsea MF CRO Mateo Kovačić
82%
2019: FC Chelsea MF ITA Jorginho
81%
2019: FC Chelsea TW ESP Kepa
81%
2019: FC Chelsea MF FRA N'Golo Kanté
81%
2013: FC Chelsea TW CZE Petr Čech
80%
2012: Atlético Madrid V URU Diego Godín
79%
2018: Atlético Madrid V URU Diego Godín
79%
2017: Manchester United Trainer POR José Mourinho
78%
2019: FC Chelsea V DEN Andreas Christensen
77%
2013: FC Chelsea V ESP César Azpilicueta
75%
2019: FC Chelsea V ESP César Azpilicueta
75%
2013: FC Chelsea ST ESP Fernando Torres
75%
2018: Atlético Madrid ST FRA Antoine Griezmann
74%
2013: FC Chelsea MF BRA David Luiz
71%
2019: FC Chelsea V BRA David Luiz
71%
2018: Atlético Madrid MF ESP Koke
71%
2017: Manchester United V ECU Antonio Valencia
69%
2019: FC Chelsea ST FRA Olivier Giroud
67%
2017: Manchester United TW ARG Sergio Romero
67%
2011: FC Porto ST COL Radamel Falcao
65%
2012: Atlético Madrid ST COL Radamel Falcao
65%
2012: Atlético Madrid TW BEL Thibaut Courtois
65%
2018: Atlético Madrid V URU José María Giménez
64%
2013: FC Chelsea MF ESP Juan Mata
63%
2017: Manchester United MF ESP Juan Mata
63%
2017: Manchester United MF FRA Paul Pogba
60%
2012: Atlético Madrid MF TUR Arda Turan
57%
2010: Atlético Madrid ST URU Diego Forlán
57%
2013: FC Chelsea MF ENG Frank Lampard
57%
2017: Manchester United ST ENG Marcus Rashford
57%
2017: Manchester United MF BEL Marouane Fellaini
56%
2013: FC Chelsea V ENG Ashley Cole
55%
2018: Atlético Madrid ST ESP Diego Costa
53%
2019: FC Chelsea ST ESP Pedro
53%
2014: FC Sevilla MF CRO Ivan Rakitić
50%
2019: FC Chelsea V ITA Emerson
49%
2016: FC Sevilla V FRA Adil Rami
47%
2013: FC Chelsea V SRB Branislav Ivanović
47%
2012: Atlético Madrid MF ESP Gabi
46%
2018: Atlético Madrid MF ESP Gabi
46%
2013: FC Chelsea V ENG Gary Cahill
45%
2017: Manchester United V ITA Matteo Darmian
45%
2019: FC Chelsea Trainer ITA Maurizio Sarri
45%
2013: FC Chelsea MF BRA Ramires
43%
2012: Atlético Madrid V BRA Filipe Luis
41%
2013: FC Chelsea MF BRA Oscar
41%
2010: Atlético Madrid TW ESP David de Gea
40%
2010: Atlético Madrid ST ARG Sergio Agüero
40%
2017: Manchester United V NED Daley Blind
39%
2014: FC Sevilla ST COL Carlos Bacca
37%
2015: FC Sevilla ST COL Carlos Bacca
37%
2018: Atlético Madrid MF ESP Saúl Niguez
36%
2018: Atlético Madrid V CRO Šime Vrsaljko
36%
2012: Atlético Madrid V ESP Juanfran
35%
2018: Atlético Madrid V FRA Lucas Hernández
34%
2018: Atlético Madrid MF ARG Ángel Correa
33%
2017: Manchester United V ENG Chris Smalling
33%
2014: FC Sevilla Trainer ESP Unai Emery
33%
2015: FC Sevilla Trainer ESP Unai Emery
33%
2016: FC Sevilla Trainer ESP Unai Emery
33%
2017: Manchester United MF ESP Ander Herrera
30%
2012: Atlético Madrid MF ESP Mario Suárez
29%
2015: FC Sevilla MF POL Grzegorz Krychowiak
25%
2016: FC Sevilla MF POL Grzegorz Krychowiak
25%
2016: FC Sevilla ST FRA Kevin Gameiro
23%
2012: Atlético Madrid V BRA Miranda
23%
2013: FC Chelsea Trainer ESP Rafael Benítez
22%
2012: Atlético Madrid MF BRA Diego
19%
2015: FC Sevilla MF ARG Éver Banega
17%
2016: FC Sevilla MF ARG Éver Banega
17%
2011: FC Porto MF BRA Hulk
16%
2011: FC Porto Trainer POR André Villas-Boas
15%
2011: FC Porto TW BRA Helton
15%
2016: FC Sevilla V ESP Sergio Escudero
15%
2017: Manchester United MF ARM Henrich Mchitarjan
14%
2014: FC Sevilla TW POR Beto
12%
2011: FC Porto MF POR João Moutinho
12%
2015: FC Sevilla TW ESP Sergio Rico
12%
2010: Atlético Madrid MF POR Simão
12%
2016: FC Sevilla MF FRA Steven N'Zonzi
11%
2011: FC Porto MF COL Fredy Guarin
10%
2012: Atlético Madrid MF ESP Adrián Lopez
9%
2011: FC Porto V URU Álvaro Pereira
9%
2010: Atlético Madrid V ESP Antonio López
9%
2010: Atlético Madrid MF ESP Raúl Garcia
9%
2014: FC Sevilla MF ESP Vitolo
9%
2015: FC Sevilla MF ESP Vitolo
9%
2016: FC Sevilla MF ESP Vitolo
9%
2011: FC Porto V ARG Nicolás Otamendi
8%
2011: FC Porto MF BRA Fernando
7%
2010: Atlético Madrid MF ESP José Antonio Reyes
7%
2014: FC Sevilla MF ESP José Antonio Reyes
7%
2015: FC Sevilla MF ESP José Antonio Reyes
7%
2014: FC Sevilla V ESP Alberto Moreno
6%
2015: FC Sevilla V FRA Benoît Trémoulinas
6%
2014: FC Sevilla MF POR Daniel Carriço
6%
2015: FC Sevilla V POR Daniel Carriço
6%
2016: FC Sevilla V POR Daniel Carriço
6%
2010: Atlético Madrid V CZE Tomáš Ujfaluši
6%
2014: FC Sevilla V ESP Coke
5%
2016: FC Sevilla MF ESP Coke
5%
2016: FC Sevilla TW ESP David Soria
5%
2010: Atlético Madrid MF BRA Paulo Assunção
5%
2011: FC Porto MF POR Silvestre Varela
5%
2014: FC Sevilla MF CMR Stéphane Mbia
5%
2015: FC Sevilla MF FRA Stéphane Mbia
5%
2016: FC Sevilla V BRA Mariano
4%
2015: FC Sevilla V FRA Timothée Kolodziejczak
4%
2011: FC Porto V ROM Cristian Săpunaru
3%
2010: Atlético Madrid V ESP Álvaro Dominguez
2%
2014: FC Sevilla V ARG Federico Fazio
2%
2010: Atlético Madrid V COL Luis Perea
2%
2014: FC Sevilla V ARG Nicolás Pareja
2%
2010: Atlético Madrid Trainer ESP Quique Sánchez Flores
2%
2011: FC Porto V POR Rolando
2%
2015: FC Sevilla V ESP Aleix Vidal
1%
Keine übereinstimmenden Quizze gefunden
Verteilung der Resultate
Anzahl Personen mit jedem Resultat
Perzentil nach korrekt beantworteten Fragen
Ihre Resultats-Entwicklung
Sie haben dieses Quiz noch nicht gespielt